Parábola

Збережено в:
Бібліографічні деталі
Автор: Marguerat, Daniel (autor)
Формат: Книга
Мова:Іспанська
Опубліковано: Pamplona Verbo Divino 1992
Редагування:1a. ed
Серія:Cuadernos Bíblicos, 75
Предмети:
Теги: Додати тег
Немає тегів, Будьте першим, хто поставить тег для цього запису!

MARC

LEADER 00000cam a2200000 a 4500
001 UCX4894
003 CL-VaPUC
008 920811e19920000SP |||||||||||||||||spa|d
020 |a 8471518090 
082 0 4 |a 226.8  |b MAR  |2 21 
100 |a Marguerat, Daniel  |e autor  |9 580641 
245 1 0 |a Parábola 
250 |a 1a. ed 
300 |a 66 p 
942 |c BK 
945 |d 19920811 00:00:00 
260 |a Pamplona  |b Verbo Divino  |c 1992 
650 7 |a PARABOLAS BIBLICAS  |2 CL-VaPUC  |9 313605 
583 |a last modification  |c 20150526 05:09:13  |k Rodrigo Vera 
490 0 |a Cuadernos Bíblicos, 75 
999 |c 225266  |d 225264 
952 |0 0  |1 0  |4 0  |6 226_800000000000000_MAR_1992  |7 0  |8 A  |9 222649  |a BIBTEO  |b BIBTEO  |d 2019-11-15  |i 2914468  |o 226.8 MAR 1992  |p 2914468  |r 2025-01-17  |w 2019-11-15  |y BK  |k ICR 
952 |0 0  |1 0  |3 erb  |4 0  |6 226_800000000000000_MAR_1992  |7 0  |8 A  |9 222650  |a BIBTEO  |b BIBTEO  |e Casale Rolle, Carlos Ignacio, -2014  |i 5182964  |o 226.8 MAR 1992  |p 5182964  |r 2025-01-17  |w 2019-11-15  |y BK  |z Catalogado en:20150529  |k ICR